Estudios de linguística de España y México

Guardat en:
Dades bibliogràfiques
Autors principals: Demonte, Violeta (Autor), Garza Guarón, Beatriz (Autor)
Format: Llibre
Idioma:espanyol
Publicat: Ciudad de México UNAM 1990
Matèries:
Etiquetes: Afegir etiqueta
Sense etiquetes, Sigues el primer a etiquetar aquest registre!

MARC

LEADER 00000nam a2200000 a 4500
001 UCH0434
003 CL-VaPUC
008 090312e19900000MX |||||||||||||||||spa|d
020 |a 9683615082 
082 0 4 |a 460  |b DEM  |2 21 
100 0 |a Demonte, Violeta  |e author  |9 534625 
700 0 |a Garza Guarón, Beatriz  |e author  |9 534626 
245 1 0 |a Estudios de linguística de España y México 
300 |a 646 p 
942 |c BK 
945 |d 20090312 00:00:00  |a rbrito 
260 |a Ciudad de México  |b UNAM  |c 1990 
650 0 |a Español  |9 255372 
650 0 |a Lingüística  |9 265068 
650 0 |a Sintaxis  |9 318843 
650 0 |a Semántica  |9 265318 
650 0 |a Gramática  |9 270497 
583 |a last modification  |c 20130105 01:52:51  |k Rodrigo Vera 
999 |c 332756  |d 332754 
952 |0 0  |1 0  |4 0  |6 460_000000000000000_DEM_1990  |7 0  |8 A  |9 420655  |a FDOPOS  |b FDOPOS  |d 2019-11-22  |i 4516575  |o 460 DEM 1990  |p 4516575  |r 2025-01-22  |w 2019-11-22  |y BK  |k MLA